Top 100 Films Directed by Women - Statistics

General Stats
  • This quiz has been taken 70 times
  • The average score is 33 of 100
Answer Stats
# Director Year Answer % Correct
5 Sofia Coppola 2003 Lost in Translation
92%
7 Kathryn Bigelow 2008 The Hurt Locker
83%
35 Lana and Lilly Wachowski 1999 The Matrix
75%
1 Jane Campion 1993 The Piano
75%
63 Sofia Coppola 2006 Marie Antoinette
73%
43 Sofia Coppola 1999 The Virgin Suicides
71%
12 Kathryn Bigelow 2012 Zero Dark Thirty
69%
24 Greta Gerwig 2017 Lady Bird
63%
3 Chantal Akerman 1975 Jeanne Dielman, 23 Quai du Commerce, 1080 Bruxelles
60%
80 Penny Marshall 1988 Big
58%
39 Céline Sciamma 2019 Portrait of a Lady on Fire
56%
27 Ava DuVernay 2014 Selma
54%
2 Agnès Varda 1962 Cléo from 5 to 7
52%
14 Kathryn Bigelow 1991 Point Break
52%
6 Věra Chytilová 1966 Daisies
50%
55 Patty Jenkins 2003 Monster
50%
9 Andrea Arnold 2009 Fish Tank
48%
19 Sally Potter 1992 Orlando
48%
18 Mary Harron 2000 American Psycho
46%
10 Julie Dash 1991 Daughters of the Dust
46%
83 Nora Ephron 1993 Sleepless in Seattle
46%
13 Agnès Varda 1985 Vagabond
46%
16 Barbara Loden 1970 Wanda
46%
37 Leni Riefenstahl 1938 Olympia
44%
17 Lina Wertmüller 1975 Seven Beauties
44%
64 Chloe Zhao 2017 The Rider
44%
60 Penny Marshall 1992 A League of their Own
42%
4 Claire Denis 1999 Beau Travail
42%
23 Ida Lupino 1953 The Hitch-Hiker
42%
45 Leni Riefenstahl 1935 Triumph of the Will
42%
22 Lynne Ramsay 2011 We Need to Talk About Kevin
42%
58 Susan Seidelman 1985 Desperately Seeking Susan
40%
85 Angès Varda 1977 One Sings, The Other Doesn't
40%
28 Agnès Varda 1965 Le Bonheur
38%
66 Lynne Ramsay 1999 Ratcatcher
38%
77 Céline Sciamma 2011 Tomboy
38%
38 Jennie Livingston 1990 Paris is Burning
35%
62 Kathryn Bigelow 1995 Strange Days
35%
89 Agnès Varda 2008 The Beaches of Agnes
35%
8 Maren Ade 2016 Toni Erdmann
35%
56 Ava DuVernay 2016 13th
33%
40 Kimberly Peirce 1999 Boys Don't Cry
33%
100 Lisa Cholodenko 2010 The Kids are All Right
33%
97 Márta Mészáros 1975 Adoption
31%
82 Maya Deren 1944 At Land
31%
42 Lotte Reiniger 1926 The Adventures of Prince Achmed
31%
32 Liliana Cavani 1974 The Night Porter
31%
47 Jane Campion 1990 An Angel at my Table
29%
72 Agnieszka Holland 1990 Europa Europa
29%
76 Céline Sciamma 2014 Girlhood
29%
46 Kathryn Bigelow 1987 Near Dark
29%
31 Agnès Varda 2000 The Gleaners and I
29%
99 Joanna Hogg 2019 The Souvenir
29%
70 Niki Caro 2002 Whale Rider
29%
54 Jane Campion 2009 Bright Star
27%
51 Barbara Kopple 1976 Harlan County, USA
27%
34 Lynne Ramsay 2002 Morvern Callar
27%
21 Debra Granik 2010 Winter's Bone
27%
33 Lynne Ramsay 2017 You Were Never Really Here
27%
81 Ana Lily Amirpour 2014 A Girl Walks Home Alone at Night
25%
69 Shirley Clarke 1961 The Connection
25%
20 Amy Heckerling 1995 Clueless
23%
92 Julia Ducournau 2016 Raw
23%
48 Kira Muratova 1989 The Asthenic Syndrome
23%
57 Jennifer Kent 2014 The Babadook
23%
44 Andrea Arnold 2016 American Honey
21%
52 Alice Rohrwacher 2018 Happy as Lazzaro
21%
50 Ida Lupino 1950 Outrage
21%
49 Mira Nair 1988 Salaam Bombay!
21%
98 Sofia Coppola 2010 Somewhere
21%
67 Margarethe von Trotta 1981 The German Sisters
21%
75 Kelly Reichardt 2010 Meek's Cutoff
19%
95 Maya Deren 1946 Ritual in Transfigured Time
19%
11 Laris Shepitko 1977 The Ascent
19%
53 Lucrecia Martel 2008 The Headless Woman
19%
71 Germaine Dulac 1928 The Seashell and the Clergyman
19%
36 Kelly Reichardt 2008 Wendy and Lucy
19%
87 Claire Denis 2008 35 Shots of Rum
17%
74 Claire Denis 1988 Chocolat
17%
90 Amy Heckerling 1982 Fast Times at Ridgemont High
17%
94 Chantal Akerman 1977 News From Home
17%
79 Lois Weber 1916 Shoes
17%
26 Sarah Polley 2012 Stories We Tell
17%
25 Forugh Farrokhzad 1963 The House is Black
17%
88 Moufida Tlatli 1994 The Silences of the Palace
17%
30 Lucrecia Martel 2017 Zama
17%
93 Andrea Arnold 2006 Red Road
15%
15 Lucrecia Martel 2001 The Swamp
15%
68 Kasi Lemmons 1997 Eve's Bayou
13%
29 Mira Nair 2001 Monsoon Wedding
13%
91 Claire Denis 2009 White Material
13%
41 Nadine Labaki 2018 Capernaum
10%
65 Debra Granik 2018 Leave no Trace
10%
73 Ildikó Enyedi 2017 On Body and Soul
10%
84 Shirley Clarke 1967 Portrait of Jason
10%
96 Chantal Akerman 1977 The Meetings of Anna
10%
78 Samira Makhmalbaf 1998 The Apple
8%
86 Haifaa Al-Mansour 2012 Wadjda
8%
61 Marguerite Duras 1975 India Song
6%
59 Kira Muratova 1971 The Long Farewell
4%
No matching quizzes found
Score Distribution
Percent of People with Each Score
Percentile by Number Answered
Your Score History
You have not taken this quiz